000 00301nam a2200121Ia 4500
008 180117s9999 xx 000 0 und d
100 _aby AA Patawaran
245 _aWHWN
260 _c2017
300 _a20-22 pages, 2017 April 9
440 _aPhilippine Panorama
650 _aALL QUIET ON THE VIRGO
999 _c353600
_d353600